<?xml version="1.0" encoding="UTF-8"?>
<collection xmlns="http://www.loc.gov/MARC21/slim">
 <record>
  <leader>01718aam a22002298a 4500</leader>
  <controlfield tag="001">NCT_4520</controlfield>
  <controlfield tag="008">050425s2007                  ||||||viesd</controlfield>
  <datafield tag="999" ind1=" " ind2=" ">
   <subfield code="c">228</subfield>
   <subfield code="d">228</subfield>
  </datafield>
  <datafield tag="020" ind1=" " ind2=" ">
   <subfield code="c">34000</subfield>
  </datafield>
  <datafield tag="082" ind1="0" ind2="4">
   <subfield code="2">23rd ed.</subfield>
   <subfield code="a">541</subfield>
   <subfield code="b">X527</subfield>
  </datafield>
  <datafield tag="100" ind1="0" ind2=" ">
   <subfield code="a">Nguyễn Văn Xuyến</subfield>
  </datafield>
  <datafield tag="245" ind1="1" ind2="0">
   <subfield code="a">Hoá lý : </subfield>
   <subfield code="b">Cấu tạo phân tử và liên kết hoá học (Giáo trình dùng cho sinh viên, học viên cao học, nghiên cứu sinh...các trường đại học khối công nghệ kỹ thuật...)</subfield>
   <subfield code="c">Nguyễn Văn Xuyến</subfield>
  </datafield>
  <datafield tag="250" ind1=" " ind2=" ">
   <subfield code="a">Tái bản, có sửa chữa, bổ sung</subfield>
  </datafield>
  <datafield tag="260" ind1=" " ind2=" ">
   <subfield code="a">H.</subfield>
   <subfield code="b">Khoa học và Kỹ thuật</subfield>
   <subfield code="c">2007</subfield>
  </datafield>
  <datafield tag="300" ind1=" " ind2=" ">
   <subfield code="a">205tr.</subfield>
   <subfield code="b">hình vẽ</subfield>
   <subfield code="c">27cm</subfield>
  </datafield>
  <datafield tag="500" ind1=" " ind2=" ">
   <subfield code="a">ĐTTS ghi: Trường đại học Bách khoa</subfield>
  </datafield>
  <datafield tag="520" ind1="3" ind2=" ">
   <subfield code="a">Nội dung tài liệu trình bày cơ sở cơ học lượng tử, cấu trúc electron nguyên tử, cấu tạo phân tử và liên kết hoá học. Mối quan hệ giữa cấu trúc, biến đổi cấu trúc và các tính chất vật lý, hoá lý, khả năng phản ứng của các chất dưới tác dụng của nhiều yếu tố ảnh hưởng khác nhau. Kèm theo thí dụ, câu hỏi và bài tập</subfield>
  </datafield>
  <datafield tag="653" ind1=" " ind2=" ">
   <subfield code="a">Công nghệ kỹ thuật hóa học</subfield>
  </datafield>
  <datafield tag="942" ind1=" " ind2=" ">
   <subfield code="2">ddc</subfield>
   <subfield code="c">BK</subfield>
  </datafield>
  <datafield tag="952" ind1=" " ind2=" ">
   <subfield code="0">0</subfield>
   <subfield code="1">0</subfield>
   <subfield code="2">ddc</subfield>
   <subfield code="4">0</subfield>
   <subfield code="6">541_000000000000000_X527</subfield>
   <subfield code="7">0</subfield>
   <subfield code="9">1982</subfield>
   <subfield code="a">000001</subfield>
   <subfield code="b">000001</subfield>
   <subfield code="d">2017-10-24</subfield>
   <subfield code="o">541 X527</subfield>
   <subfield code="p">MD.08181</subfield>
   <subfield code="r">2017-10-24</subfield>
   <subfield code="v">38000.00</subfield>
   <subfield code="w">2017-10-24</subfield>
   <subfield code="y">BK</subfield>
  </datafield>
  <datafield tag="952" ind1=" " ind2=" ">
   <subfield code="0">0</subfield>
   <subfield code="1">0</subfield>
   <subfield code="2">ddc</subfield>
   <subfield code="4">0</subfield>
   <subfield code="6">541_000000000000000_X527</subfield>
   <subfield code="7">0</subfield>
   <subfield code="9">1983</subfield>
   <subfield code="a">000001</subfield>
   <subfield code="b">000001</subfield>
   <subfield code="d">2017-10-24</subfield>
   <subfield code="o">541 X527</subfield>
   <subfield code="p">MD.08182</subfield>
   <subfield code="r">2017-10-24</subfield>
   <subfield code="v">38000.00</subfield>
   <subfield code="w">2017-10-24</subfield>
   <subfield code="y">BK</subfield>
  </datafield>
  <datafield tag="980" ind1=" " ind2=" ">
   <subfield code="a">Thư viện Trường Đại học Nam Cần Thơ</subfield>
  </datafield>
 </record>
</collection>
